Čo sledovať pri výbere titulov

Trhové informácie. Fundamentálne informácie. Výkonnosť a efektívnosť. Analýzy Income statement. Analýza Balance sheet. Analýza cash flow statement. Netrhové informácie.

Guardado en:
Detalles Bibliográficos
Autor principal: Kmeťko, Miroslav, 1969-
Otros Autores: Moravčíková, Elena, 1967-
Formato: Capítulo de libro
Lenguaje:eslovaco
Materias:
Etiquetas: Agregar Etiqueta
Sin Etiquetas, Sea el primero en etiquetar este registro!

MARC

LEADER 00000naa$a2200000$$$4500
001 0089909
005 20240502072014.1
041 0 |a slo 
044 |a SK 
245 1 0 |a Čo sledovať pri výbere titulov  |c Miroslav Kmeťko, Elena Moravčíková 
520 |a Trhové informácie. Fundamentálne informácie. Výkonnosť a efektívnosť. Analýzy Income statement. Analýza Balance sheet. Analýza cash flow statement. Netrhové informácie. 
610 2 0 |a akcie 
610 2 0 |a investovanie 
610 2 0 |a informácie 
610 2 0 |a analýzy 
610 2 0 |a ceny 
100 1 |a Kmeťko, Miroslav, 1969- 
700 1 |a Moravčíková, Elena, 1967-